[Event "CZE-ch Seniors 50"]
[Site "Olomouc"]
[Date "2023.08.19"]
[Round "9"]
[White "Malinovsky, Petr"]
[Black "Matousek, Petr"]
[Result "1-0"]
[WhiteElo "1956"]
[BlackElo "2063"]
[PlyCount "95"]
[EventDate "2023.08.12"]
[EventType "swiss"]
[EventRounds "9"]
[EventCountry "CZE"]
[SourceTitle "EXT 2024"]
[Source "ChessBase"]
[SourceDate "2023.10.10"]
[SourceVersion "1"]
[SourceVersionDate "2023.10.10"]
[SourceQuality "1"]

1. d4 Nf6 2. c4 g6 3. f3 Bg7 4. e4 d6 5. Nc3 Nbd7 6. Nge2 e5 7. d5 Nh5 8. Be3 0-0 9. Qd2 a6 10. g4 Nf4 11. Nxf4 exf4 12. Bxf4 f5 13. gxf5 Ne5 14. Be2 Qh4+ 15. Bg3 Qh3 16. 0-0-0 gxf5 17. Kb1 fxe4 18. fxe4 b5 19. Rdg1 Ng6 20. Bf1 Rxf1+ 21. Rxf1 Bd7 22. c5 b4 23. Nd1 Bb5 24. Rfg1 a5 25. Nf2 Qd7 26. c6 Qe7 27. h4 Ne5 28. Bxe5 dxe5 29. Nh3 Kh8 30. Ng5 Qf6 31. Rh2 Rf8 32. Rhg2 Bh6 33. Nf7+ Qxf7 34. Qxh6 Bd3+ 35. Kc1 Bxe4 36. Qg7+ Qxg7 37. Rxg7 Bxd5 38. Rxc7 Bxa2 39. Re7 Bd5 40. c7 a4 41. Rd1 Bg8 42. Rd8 Rf1+ 43. Kd2 Rf2+ 44. Ke3 Rc2 45. c8Q Rxc8 46. Rxc8 a3 47. bxa3 bxa3 48. Ra7 1-0

[Event "CZE-ch Seniors 50"]
[Site "Olomouc"]
[Date "2023.08.13"]
[Round "2"]
[White "Matousek, Petr"]
[Black "Stern, Geoffrey"]
[Result "1-0"]
[WhiteElo "2063"]
[BlackElo "1949"]
[PlyCount "69"]
[EventDate "2023.08.12"]
[EventType "swiss"]
[EventRounds "9"]
[EventCountry "CZE"]
[SourceTitle "EXT 2024"]
[Source "ChessBase"]
[SourceDate "2023.10.10"]
[SourceVersion "1"]
[SourceVersionDate "2023.10.10"]
[SourceQuality "1"]

1. e4 e6 2. d4 d5 3. Nc3 Nc6 4. e5 f6 5. Bb5 Bd7 6. Nf3 Qe7 7. 0-0 Qf7 8. Qe2 0-0-0 9. a4 Nge7 10. Na2 h6 11. Bd2 g5 12. exf6 Qxf6 13. Bc3 Ng6 14. Bxc6 Bxc6 15. Nb4 Bd7 16. Nd3 Nf4 17. Qd2 Nxd3 18. Qxd3 Bd6 19. Ne5 Bxe5 20. dxe5 Qg7 21. Bd4 Kb8 22. Qe3 b6 23. a5 Bc6 24. Ra3 Bb7 25. axb6 axb6 26. b4 Qd7 27. Rfa1 Qb5 28. Qb3 c5 29. bxc5 Qxb3 30. Rxb3 bxc5 31. Bxc5 Kc8 32. Bb6 Rde8 33. Rc3+ Kb8 34. Ba7+ Ka8 35. Bc5+ 1-0

[Event "Mosty u Jablunkova op 20th"]
[Site "Mosty u Jablunkova"]
[Date "2023.05.27"]
[Round "3"]
[White "Plat, Vojtech"]
[Black "Matousek, Petr"]
[Result "1-0"]
[WhiteElo "2558"]
[BlackElo "2086"]
[PlyCount "63"]
[EventDate "2023.05.27"]
[EventType "swiss (rapid)"]
[EventRounds "9"]
[EventCountry "CZE"]
[SourceTitle "EXT 2024"]
[Source "ChessBase"]
[SourceDate "2023.10.10"]
[SourceVersion "1"]
[SourceVersionDate "2023.10.10"]
[SourceQuality "1"]

1. d4 Nf6 2. c4 g6 3. g3 Bg7 4. Bg2 d6 5. Nc3 0-0 6. Nf3 Nc6 7. d5 Na5 8. Nd2 c5 9. 0-0 a6 10. Qc2 Rb8 11. b3 b5 12. Bb2 bxc4 13. bxc4 Bh6 14. f4 Ng4 15. Nd1 Rxb2 16. Qxb2 Bg7 17. Qc1 Bxa1 18. Qxa1 f5 19. h3 Nf6 20. Ne3 e6 21. Qc3 Re8 22. Rb1 e5 23. fxe5 Rxe5 24. Bf3 Ne4 25. Nxe4 fxe4 26. Bg4 Bf5 27. Rf1 Qb6 28. Bxf5 gxf5 29. Nxf5 Nb7 30. Nh6+ Kg7 31. Ng4 Qb4 32. Qe3 1-0

[Event "CZE-chT2F 1920"]
[Site "Czech Republic"]
[Date "2019.11.03"]
[Round "2.4"]
[White "Vymetalik, Ivo"]
[Black "Matousek, Petr"]
[Result "1/2-1/2"]
[WhiteElo "1951"]
[BlackElo "2112"]
[PlyCount "30"]
[EventDate "2019.10.13"]
[EventType "team-tourn"]
[EventRounds "11"]
[EventCountry "CZE"]
[SourceTitle "EXT 2024"]
[Source "ChessBase"]
[SourceDate "2023.10.10"]
[SourceVersion "1"]
[SourceVersionDate "2023.10.10"]
[SourceQuality "1"]
[WhiteTeam "Litovel Tatran"]
[BlackTeam "Grygov Proclient"]
[WhiteTeamCountry "CZE"]
[BlackTeamCountry "CZE"]

1. e4 d6 2. d4 Nf6 3. Nc3 Nbd7 4. f4 e5 5. fxe5 dxe5 6. dxe5 Nxe5 7. Qxd8+ Kxd8 8. Bg5 c6 9. 0-0-0+ Bd7 10. Nf3 Neg4 11. e5 h6 12. exf6 hxg5 13. Nxg5 gxf6 14. Nxf7+ Kc7 15. Nxh8 Nf2 1/2-1/2

[Event "CZE-chT2E 1819"]
[Site "Czech Republic"]
[Date "2019.02.10"]
[Round "8.3"]
[White "Mlensky, Dalibor"]
[Black "Matousek, Petr"]
[Result "0-1"]
[WhiteElo "2116"]
[BlackElo "2080"]
[PlyCount "120"]
[EventDate "2018.10.14"]
[EventType "team-tourn"]
[EventRounds "11"]
[EventCountry "CZE"]
[SourceTitle "EXT 2022"]
[Source "ChessBase"]
[SourceDate "2021.10.06"]
[SourceVersion "1"]
[SourceVersionDate "2021.10.06"]
[SourceQuality "1"]
[WhiteTeam "Prusanky Podluzan"]
[BlackTeam "Grygov"]
[WhiteTeamCountry "CZE"]
[BlackTeamCountry "CZE"]

1. e4 d5 2. exd5 Nf6 3. Bb5+ Bd7 4. Bc4 Bg4 5. f3 Bf5 6. Nc3 Nbd7 7. g4 Nb6 8. Bb3 Bc8 9. d4 Nfxd5 10. Nxd5 Nxd5 11. Ne2 e6 12. Ng3 Bd6 13. c4 Qh4 14. cxd5 Bxg3+ 15. Ke2 Bd6 16. dxe6 Bxe6 17. d5 Bd7 18. Qe1 Qh3 19. Kd1+ Kf8 20. Qf1 Qxf1+ 21. Rxf1 Bxh2 22. Rh1 Be5 23. Kc2 c6 24. Bd2 Rc8 25. Bb4+ c5 26. Bc3 Bxc3 27. Kxc3 Ke7 28. d6+ Kxd6 29. Rad1+ Ke7 30. Bxf7 Rcf8 31. Bd5 Bc6 32. Rh5 g6 33. Rg5 Rd8 34. Bb3 Rxd1 35. Bxd1 Rd8 36. Bb3 Kd6 37. f4 Rf8 38. f5 Be4 39. Bc2 Bxc2 40. Kxc2 Rf6 41. Kd3 h6 42. Rxg6 Rxg6 43. fxg6 Ke6 44. Kc4 Kf6 45. g7 Kxg7 46. Kxc5 Kf6 47. Kd6 Kg5 48. Kc7 b5 49. Kc6 Kxg4 50. Kxb5 h5 51. Ka6 h4 52. Kxa7 h3 53. b4 h2 54. b5 h1Q 55. b6 Qa1 56. b7 Qxa2+ 57. Kb6 Qb3+ 58. Kc7 Qc4+ 59. Kb6 Qb4+ 60. Kc7 Qc5+ 0-1

[Event "CZE-chT2E 1819"]
[Site "Czech Republic"]
[Date "2018.12.02"]
[Round "4.2"]
[White "Matousek, Petr"]
[Black "Senkyr, Martin"]
[Result "1-0"]
[WhiteElo "2080"]
[BlackElo "2103"]
[PlyCount "53"]
[EventDate "2018.10.14"]
[EventType "team-tourn"]
[EventRounds "11"]
[EventCountry "CZE"]
[SourceTitle "EXT 2022"]
[Source "ChessBase"]
[SourceDate "2021.10.06"]
[SourceVersion "1"]
[SourceVersionDate "2021.10.06"]
[SourceQuality "1"]
[WhiteTeam "Grygov"]
[BlackTeam "Zlin"]
[WhiteTeamCountry "CZE"]
[BlackTeamCountry "CZE"]

1. e4 c5 2. c4 e6 3. Nc3 a6 4. g3 Qc7 5. Bg2 b6 6. Nge2 Bb7 7. 0-0 Be7 8. d3 h5 9. h3 d6 10. f4 Nd7 11. a4 Nh6 12. f5 Nf8 13. Nf4 h4 14. g4 0-0-0 15. a5 bxa5 16. Bd2 Bf6 17. Nce2 Qe7 18. Rxa5 Nd7 19. fxe6 Ne5 20. Nd5 Bxd5 21. exd5 Nhxg4 22. Rxa6 fxe6 23. Qa4 Qb7 24. dxe6 d5 25. Ra8+ Kc7 26. Ra7 Ra8 27. Rxb7+ 1-0

[Event "Olomouc Summmer op 21st"]
[Site "Olomouc"]
[Date "2018.08.14"]
[Round "5"]
[White "Matousek, Petr"]
[Black "Budnik, Mateusz"]
[Result "0-1"]
[WhiteElo "2123"]
[BlackElo "2003"]
[PlyCount "128"]
[EventDate "2018.08.11"]
[EventType "swiss"]
[EventRounds "9"]
[EventCountry "CZE"]
[SourceTitle "CBM 186 Extra"]
[Source "ChessBase"]
[SourceDate "2018.08.24"]
[SourceVersion "1"]
[SourceVersionDate "2018.08.24"]
[SourceQuality "1"]

1. e4 c5 2. c4 Nc6 3. Nc3 g6 4. g3 Bg7 5. Bg2 e6 6. Nge2 Nge7 7. d3 0-0 8. 0-0 Nd4 9. Bf4 d6 10. Qd2 Re8 11. Nxd4 cxd4 12. Nb5 e5 13. Bh6 a6 14. Bxg7 Kxg7 15. Na3 Nc6 16. b4 Bd7 17. Rab1 Ne7 18. c5 Be6 19. f4 f6 20. Rfc1 Rc8 21. fxe5 dxe5 22. Nc4 Bxc4 23. Rxc4 Qd7 24. Qc2 h5 25. a4 h4 26. b5 hxg3 27. hxg3 axb5 28. Rxb5 Nc6 29. Qb1 Rc7 30. Rc2 Rh8 31. Rcb2 Nd8 32. Qd1 Qe7 33. Qg4 Ne6 34. c6 bxc6 35. Rb8 Rxb8 36. Rxb8 Ng5 37. a5 Qa3 38. Rd8 Qxa5 39. Rd7+ Nf7 40. Qe6 Rxd7 41. Qxd7 c5 42. Bh3 Qd8 43. Qa7 Qd6 44. Qa4 Qc7 45. Be6 Nd6 46. Qa8 Nf7 47. Qe8 Nh6 48. g4 Nf7 49. Kg2 Ng5 50. Bc4 Nh7 51. Be6 Nf8 52. Bc8 c4 53. dxc4 Qxc4 54. Qe7+ Qf7 55. Qd6 Nh7 56. Be6 Qb7 57. Bd5 Qb2+ 58. Kg3 Qc3+ 59. Kg2 Qd2+ 60. Kf1 Qd1+ 61. Kf2 Qxg4 62. Qe7+ Kh6 63. Bg8 Qf4+ 64. Kg1 Ng5 0-1

[Event "Olomouc Summmer op 21st"]
[Site "Olomouc"]
[Date "2018.08.12"]
[Round "2"]
[White "Khachatouri, Saro"]
[Black "Matousek, Petr"]
[Result "1/2-1/2"]
[WhiteElo "1945"]
[BlackElo "2123"]
[PlyCount "33"]
[EventDate "2018.08.11"]
[EventType "swiss"]
[EventRounds "9"]
[EventCountry "CZE"]
[SourceTitle "CBM 186 Extra"]
[Source "ChessBase"]
[SourceDate "2018.08.24"]
[SourceVersion "1"]
[SourceVersionDate "2018.08.24"]
[SourceQuality "1"]

1. d4 Nf6 2. c4 g6 3. Nc3 Bg7 4. e4 d6 5. Bd3 e5 6. d5 Na6 7. Nge2 0-0 8. 0-0 Nc5 9. Bc2 a5 10. f3 Nfd7 11. Be3 f5 12. exf5 gxf5 13. f4 e4 14. Qd2 Nf6 15. h3 Bd7 16. Nd4 Qe7 17. Ndb5 1/2-1/2

[Event "CZE-chT2E 1516"]
[Site "Czech Republic"]
[Date "2016.01.24"]
[Round "6.2"]
[White "Matousek, Petr"]
[Black "Kratochvil, Vit"]
[Result "0-1"]
[WhiteElo "2140"]
[BlackElo "2254"]
[PlyCount "60"]
[EventDate "2015.10.18"]
[EventType "team-tourn"]
[EventRounds "11"]
[EventCountry "CZE"]
[SourceTitle "EXT 2022"]
[Source "ChessBase"]
[SourceDate "2021.10.06"]
[SourceVersion "1"]
[SourceVersionDate "2021.10.06"]
[SourceQuality "1"]
[WhiteTeam "Prostejov"]
[BlackTeam "Jihlava Silko Gambit"]
[WhiteTeamCountry "CZE"]
[BlackTeamCountry "CZE"]

1. e4 Nf6 2. e5 Nd5 3. Nc3 Nxc3 4. dxc3 d6 5. Bf4 Nc6 6. Nf3 g6 7. Bb5 Bg7 8. Qe2 0-0 9. 0-0-0 a6 10. Bxc6 bxc6 11. Nd4 Qe8 12. Qe4 Bd7 13. Rhe1 c5 14. Nf3 Bf5 15. Qc4 Be6 16. Qe4 Bf5 17. Qc4 Be6 18. Qe4 Qb5 19. b3 Qa5 20. Kb2 Rab8 21. c4 Qb6 22. Kb1 a5 23. a4 Bf5 24. Qe3 Qxb3+ 25. Qxb3 Rxb3+ 26. Ka2 Rb4 27. Bd2 Rxc4 28. Kb3 Rxc2 29. Bxa5 Rb8+ 30. Ka3 Be6 0-1

[Event "CZE-chT2E 1314"]
[Site "Czech Republic"]
[Date "2014.02.02"]
[Round "7.1"]
[White "Matousek, Petr"]
[Black "Gasa, Andrej"]
[Result "0-1"]
[WhiteElo "2107"]
[BlackElo "2308"]
[PlyCount "74"]
[EventDate "2013.11.03"]
[EventType "team-tourn"]
[EventRounds "11"]
[EventCountry "CZE"]
[SourceTitle "EXT 2016"]
[Source "ChessBase"]
[SourceDate "2015.10.08"]
[SourceVersion "1"]
[SourceVersionDate "2015.10.08"]
[SourceQuality "1"]
[WhiteTeam "Prostejov"]
[BlackTeam "Prusanky Podluzan"]
[WhiteTeamCountry "CZE"]
[BlackTeamCountry "CZE"]

1. e4 c5 2. Nc3 Nc6 3. g3 g6 4. Bg2 Bg7 5. d3 d6 6. Be3 Rb8 7. f4 Nh6 8. h3 f5 9. Nf3 0-0 10. Ng5 Nd4 11. Qd2 b5 12. Nd1 b4 13. c3 bxc3 14. bxc3 Ne6 15. h4 Ng4 16. Bg1 Nxg5 17. hxg5 h5 18. gxh6 Nxh6 19. e5 Qa5 20. Rc1 Be6 21. d4 cxd4 22. cxd4 Qxd2+ 23. Kxd2 dxe5 24. fxe5 Ng4 25. Rc7 Rfd8 26. Rxe7 Bxa2 27. Rxa7 Bb3 28. Ne3 Rxd4+ 29. Ke2 Bxe5 30. Bf3 Nxe3 31. Bxe3 Bc4+ 32. Kf2 Rb2+ 33. Kg1 Rd3 34. Ra8+ Kg7 35. Ra7+ Kf6 36. Bc5 Rxf3 37. Be7+ Ke6 0-1

[Event "Olomouc op 16th"]
[Site "Olomouc"]
[Date "2013.08.08"]
[Round "9"]
[White "Matousek, Petr"]
[Black "Hjelmaas, Lars"]
[Result "0-1"]
[WhiteElo "2114"]
[BlackElo "2270"]
[PlyCount "146"]
[EventDate "2013.08.01"]
[EventType "swiss"]
[EventRounds "9"]
[EventCountry "CZE"]
[SourceTitle "CBM 155 Extra"]
[Source "ChessBase"]
[SourceDate "2013.08.26"]
[SourceVersion "1"]
[SourceVersionDate "2013.08.26"]
[SourceQuality "1"]

1. e4 e6 2. d4 d5 3. Nc3 Bb4 4. e5 c5 5. a3 Bxc3+ 6. bxc3 Qa5 7. Bd2 Qa4 8. Bd3 c4 9. Bf1 Ne7 10. g3 Bd7 11. Ne2 Nbc6 12. Bh3 0-0-0 13. 0-0 h6 14. Nf4 g6 15. Ng2 Rdg8 16. Ne1 Qa5 17. f4 Nf5 18. Nf3 Nce7 19. a4 Kc7 20. Kh1 Nc8 21. g4 Nfe7 22. Qc1 Nb6 23. Qa3 Nec8 24. f5 g5 25. fxe6 fxe6 26. Ng1 Be8 27. Rf6 Nd7 28. Rxe6 Bf7 29. Rd6 Re8 30. Rf1 Be6 31. Ne2 Nxd6 32. Qxd6+ Kc8 33. Ng3 Qxa4 34. Nf5 Rh7 35. Bg2 Qc6 36. Qxc6+ bxc6 37. Nd6+ Kd8 38. Nxe8 Kxe8 39. Ra1 Nf8 40. h3 Rb7 41. Bc1 Bg8 42. Bf3 Bh7 43. Bd1 Be4+ 44. Kg1 Ne6 45. h4 Kd7 46. h5 Kc8 47. Ba3 Nf4 48. Bf8 Ne6 49. Bd6 Nc7 50. Bf8 Kd8 51. Bc5 a6 52. Kf2 Nb5 53. Rxa6 Nxc3 54. Ra8+ Kd7 55. Bf3 Bxf3 56. Kxf3 Ne4 57. Ba3 Rb1 58. Ra7+ Kc8 59. e6 Rf1+ 60. Ke3 Re1+ 61. Kf3 Nd2+ 62. Kf2 Rxe6 63. Rh7 Ne4+ 64. Kg2 Rf6 65. Rh8+ Kb7 66. Bf8 Rf2+ 67. Kh3 Rxc2 68. Rxh6 c3 69. Rh7+ Kb6 70. Rf7 Rd2 71. Rf1 c2 72. Rc1 Kb5 73. h6 Nf6 0-1

[Event "CZE-chT2E 0910"]
[Site "Czech Republic"]
[Date "2009.11.08"]
[Round "2.4"]
[White "Matousek, Petr"]
[Black "Federic, Pavol"]
[Result "0-1"]
[WhiteElo "2168"]
[BlackElo "2190"]
[PlyCount "134"]
[EventDate "2009.10.18"]
[EventType "team-tourn"]
[EventRounds "11"]
[EventCountry "CZE"]
[SourceTitle "EXT 2012"]
[Source "ChessBase"]
[SourceDate "2011.11.24"]
[SourceVersion "1"]
[SourceVersionDate "2011.11.24"]
[SourceQuality "1"]
[WhiteTeam "Prostejov"]
[BlackTeam "Hustopece"]
[WhiteTeamCountry "CZE"]
[BlackTeamCountry "CZE"]

1. e4 e5 2. Nf3 Nc6 3. Bb5 a6 4. Ba4 Nf6 5. 0-0 Nxe4 6. d4 b5 7. Bb3 d5 8. dxe5 Be6 9. c3 Be7 10. Qe2 0-0 11. Rd1 Nc5 12. Bc2 Nd7 13. h3 Re8 14. Bf4 f6 15. Nd4 Nxd4 16. cxd4 c5 17. Qh5 Nf8 18. dxc5 Bxc5 19. Qf3 Ng6 20. Bxg6 hxg6 21. Qg3 g5 22. exf6 Qxf6 23. Qxg5 Qxb2 24. Nc3 Qxf2+ 25. Kh1 Be7 26. Qg6 Bf6 27. Rf1 Qc5 28. Bb8 Bf7 29. Qg4 Qxc3 30. Rac1 Qd4 31. Rf4 Qb2 32. Rcf1 Raxb8 33. Rxf6 Rb7 34. Rxa6 Qe2 35. Qf5 Be6 36. Qb1 Qe4 37. Qc1 Bxh3 38. Qg5 Be6 39. Rf4 Qe1+ 40. Kh2 Rf7 41. Qh5 Qe3 42. Rh4 Qh6 43. Qxh6 gxh6 44. Rb6 Kg7 45. Rxb5 Rf2 46. a4 Ra8 47. a5 Ra6 48. Ra4 Rf7 49. Rc5 Rfa7 50. Kg3 Kf6 51. Kh4 Ke5 52. Ra3 Kd4 53. Rb5 Kc4 54. Rab3 Rxa5 55. R3b4+ Kd3 56. Rb3+ Ke4 57. Rb6 R7a6 58. R6b4+ d4 59. Rb1 Ra3 60. Rd1 Rd6 61. g3 Ra2 62. g4 Kf3 63. Rf1+ Rf2 64. Rh1 d3 65. g5 hxg5+ 66. Kxg5 d2 67. Rf4+ Ke3 0-1

[Event "CZE-chT2E 0910"]
[Site "Czech Republic"]
[Date "2009.10.18"]
[Round "1.4"]
[White "Shanel, Jaroslav"]
[Black "Matousek, Petr"]
[Result "1-0"]
[WhiteElo "2153"]
[BlackElo "2168"]
[PlyCount "99"]
[EventDate "2009.10.18"]
[EventType "team-tourn"]
[EventRounds "11"]
[EventCountry "CZE"]
[SourceTitle "EXT 2012"]
[Source "ChessBase"]
[SourceDate "2011.11.24"]
[SourceVersion "1"]
[SourceVersionDate "2011.11.24"]
[SourceQuality "1"]
[WhiteTeam "Stare Mesto II"]
[BlackTeam "Prostejov"]
[WhiteTeamCountry "CZE"]
[BlackTeamCountry "CZE"]

1. e4 c5 2. c3 d5 3. exd5 Qxd5 4. d4 e6 5. Nf3 Nc6 6. Bd3 Nf6 7. 0-0 Be7 8. Na3 a6 9. Nc4 Qd8 10. Nce5 cxd4 11. Nxc6 bxc6 12. Nxd4 Bd7 13. Qe2 c5 14. Nf3 Qb6 15. Ne5 Bb5 16. Qf3 Rc8 17. c4 Bc6 18. Qg3 0-0 19. b3 Rfd8 20. Bb2 Be4 21. Rad1 Bxd3 22. Nxd3 Ne8 23. Ne5 Bf6 24. Bc3 Bxe5 25. Qxe5 f6 26. Qe2 Rc6 27. Rxd8 Qxd8 28. Rd1 Qe7 29. f3 Rd6 30. Kf2 Qd7 31. Ke1 e5 32. Rd5 Rxd5 33. cxd5 Nc7 34. Ba5 Nxd5 35. Qxa6 Nf4 36. g3 Nd3+ 37. Kf1 h5 38. Qc4+ Kh7 39. Ke2 Nb4 40. Bxb4 cxb4 41. Qd3+ Qxd3+ 42. Kxd3 h4 43. Kc4 Kg6 44. Kxb4 Kf5 45. a4 Ke6 46. Kc5 h3 47. Kc6 f5 48. a5 f4 49. gxf4 exf4 50. a6 1-0

[Event "Olomouc op"]
[Site "Olomouc"]
[Date "2008.08.07"]
[Round "9"]
[White "Matousek, Petr"]
[Black "De Verdier, Michael Carl Adam"]
[Result "1-0"]
[WhiteElo "2126"]
[BlackElo "2222"]
[PlyCount "91"]
[EventDate "2008.07.31"]
[EventType "swiss"]
[EventRounds "9"]
[EventCountry "CZE"]
[SourceTitle "CBM 125 Extra"]
[Source "ChessBase"]
[SourceDate "2008.09.01"]
[SourceVersion "1"]
[SourceVersionDate "2008.09.01"]
[SourceQuality "1"]

1. e4 c5 2. Nc3 Nc6 3. g3 g6 4. Bg2 Bg7 5. d3 d6 6. Be3 e5 7. Qd2 Nge7 8. Bh6 0-0 9. h4 Bxh6 10. Qxh6 f6 11. Qd2 Nd4 12. h5 g5 13. h6 Be6 14. Nd5 Nxd5 15. exd5 Bd7 16. 0-0-0 b5 17. c3 Nf5 18. Ne2 Rb8 19. Bh3 b4 20. c4 Ne7 21. Bxd7 Qxd7 22. f4 Qg4 23. Rdg1 Kh8 24. Rh2 Rbe8 25. Rf1 Ng6 26. Rhf2 e4 27. dxe4 Rxe4 28. fxg5 Rfe8 29. Nf4 Rxc4+ 30. Kb1 Nxf4 31. gxf4 Qf5+ 32. Ka1 Rd4 33. Re1 Ree4 34. Qc1 fxg5 35. Rfe2 Kg8 36. Qc2 Rxe2 37. Qxe2 Rxf4 38. Qe8+ Qf8 39. Qe6+ Qf7 40. Qxd6 Rf6 41. Qxc5 Rf1 42. Qc8+ Qf8 43. Qe6+ Kh8 44. Qe5+ Kg8 45. Qxg5+ Kh8 46. Qg7+ 1-0

[Event "Olomouc op"]
[Site "Olomouc"]
[Date "2008.08.06"]
[Round "8"]
[White "Vrana, Jan"]
[Black "Matousek, Petr"]
[Result "1/2-1/2"]
[WhiteElo "2234"]
[BlackElo "2126"]
[PlyCount "66"]
[EventDate "2008.07.31"]
[EventType "swiss"]
[EventRounds "9"]
[EventCountry "CZE"]
[SourceTitle "CBM 125 Extra"]
[Source "ChessBase"]
[SourceDate "2008.09.01"]
[SourceVersion "1"]
[SourceVersionDate "2008.09.01"]
[SourceQuality "1"]

1. e4 e6 2. d4 d5 3. Nd2 dxe4 4. Nxe4 Bd7 5. Nf3 Bc6 6. Bd3 Nd7 7. 0-0 Ngf6 8. Ng3 Bd6 9. c4 0-0 10. Bd2 Bxg3 11. hxg3 Be4 12. Be2 c5 13. Bc3 Qc7 14. dxc5 Rfd8 15. b4 Nxc5 16. Nd2 Na6 17. Qb3 Bd3 18. Rfe1 Bxe2 19. Rxe2 Ne8 20. Rc1 Qd7 21. Nf3 f6 22. c5 Nec7 23. Nd4 Re8 24. Bb2 Nd5 25. b5 Nac7 26. a4 e5 27. c6 bxc6 28. bxc6 Qg4 29. f3 Qxg3 30. Nb5 Kh8 31. Rd2 e4 32. Nxc7 exf3 33. Qxd5 Re1+ 1/2-1/2

[Event "CZE-chT2e 0607"]
[Site "Czech Republic"]
[Date "2007.04.15"]
[Round "11.5"]
[White "Matousek, Petr"]
[Black "Macura, Emil"]
[Result "1-0"]
[WhiteElo "2113"]
[BlackElo "2087"]
[PlyCount "41"]
[EventDate "2006.10.15"]
[EventType "team"]
[EventRounds "11"]
[EventCountry "CZE"]
[SourceTitle "EXT 2009"]
[Source "ChessBase"]
[SourceDate "2008.11.26"]
[SourceVersion "1"]
[SourceVersionDate "2008.11.26"]
[SourceQuality "1"]

1. e4 e5 2. Nf3 Nc6 3. Bb5 a6 4. Ba4 Nf6 5. 0-0 Be7 6. Re1 b5 7. Bb3 0-0 8. d4 exd4 9. e5 Ne8 10. Bd5 Rb8 11. Nxd4 Nxd4 12. Qxd4 d6 13. Qa7 Bf5 14. Bf4 Rb6 15. Nc3 Bxc2 16. e6 f5 17. Rac1 Bd3 18. Re3 Bc4 19. b3 g5 20. Bxg5 Bxg5 21. e7+ 1-0

[Event "CZE-chT2e 0607"]
[Site "Czech Republic"]
[Date "2007.02.25"]
[Round "8.2"]
[White "Matousek, Petr"]
[Black "Spodny, Josef"]
[Result "1/2-1/2"]
[WhiteElo "2113"]
[BlackElo "2112"]
[PlyCount "31"]
[EventDate "2006.10.15"]
[EventType "team"]
[EventRounds "11"]
[EventCountry "CZE"]
[SourceTitle "EXT 2009"]
[Source "ChessBase"]
[SourceDate "2008.11.26"]
[SourceVersion "1"]
[SourceVersionDate "2008.11.26"]
[SourceQuality "1"]

1. e4 e5 2. Nf3 Nc6 3. Bb5 a6 4. Ba4 d6 5. d4 b5 6. Bb3 Nxd4 7. Nxd4 exd4 8. Bd5 Rb8 9. Bc6+ Bd7 10. Bxd7+ Qxd7 11. Qxd4 Nf6 12. 0-0 Be7 13. Nc3 0-0 14. f4 Qc6 15. Qd3 b4 16. Nd5 1/2-1/2

[Event "CZE-chT2e 0607"]
[Site "Czech Republic"]
[Date "2007.02.11"]
[Round "7.3"]
[White "Matousek, Petr"]
[Black "Stanec, Stanislav"]
[Result "1/2-1/2"]
[WhiteElo "2113"]
[BlackElo "2218"]
[PlyCount "156"]
[EventDate "2006.10.15"]
[EventType "team"]
[EventRounds "11"]
[EventCountry "CZE"]
[SourceTitle "EXT 2009"]
[Source "ChessBase"]
[SourceDate "2008.11.26"]
[SourceVersion "1"]
[SourceVersionDate "2008.11.26"]
[SourceQuality "1"]

1. e4 e5 2. Nf3 Nf6 3. d4 Nxe4 4. Bd3 d5 5. Nxe5 Nf6 6. 0-0 Be7 7. c4 c6 8. Nc3 0-0 9. Bg5 Nbd7 10. Nxd7 Qxd7 11. cxd5 cxd5 12. Re1 h6 13. Bh4 Bd8 14. Re5 Qc6 15. Bxf6 Bxf6 16. Nxd5 Rd8 17. Be4 Qd6 18. Nxf6+ Qxf6 19. Qf3 Be6 20. Qe3 Kh8 21. Bf3 Rab8 22. d5 Bd7 23. Re1 a6 24. Qb3 b5 25. Re7 Rbc8 26. h3 Rc5 27. Qe3 Rc7 28. Bh5 Rf8 29. Bg4 Qd6 30. Qg3 Qxg3 31. fxg3 f5 32. Bh5 Rb7 33. Bg6 Kg8 34. d6 Rf6 35. Re8+ Bxe8 36. Rxe8+ Rf8 37. Re7 Rb6 38. Rd7 Rbb8 39. Re7 Rb6 40. Rd7 Rc6 41. Kf2 Rc2+ 42. Kf3 Rxb2 43. Re7 Rd2 44. d7 Rd6 45. Be8 g5 46. h4 b4 47. h5 Rff6 48. Bg6 a5 49. Bh7+ Kh8 50. Bg6 Rf8 51. Be8 a4 52. Re5 Kg7 53. Rb5 b3 54. axb3 axb3 55. Rxb3 g4+ 56. Kf4 Rd4+ 57. Ke5 Re4+ 58. Kd5 Rfxe8 59. dxe8Q Rxe8 60. Rb6 Re3 61. Rg6+ Kh7 62. Rf6 Rxg3 63. Ke5 Rxg2 64. Rf7+ Kg8 65. Rxf5 g3 66. Rf3 Rg1 67. Kf5 g2 68. Rg3+ Kf7 69. Kg4 Kf6 70. Kf3 Rh1 71. Kxg2 Rxh5 72. Rh3 Rg5+ 73. Kh2 h5 74. Rg3 Rg4 75. Kh3 Kf5 76. Rf3+ Kg5 77. Rg3 Kf4 78. Ra3 Rg1 1/2-1/2

[Event "CZE-chT2e 0405"]
[Site "Czech Republic"]
[Date "2004.12.19"]
[Round "5.5"]
[White "Butula, Miroslav"]
[Black "Matousek, Petr"]
[Result "1/2-1/2"]
[WhiteElo "1964"]
[BlackElo "2118"]
[PlyCount "160"]
[EventDate "2004.10.17"]
[EventType "team"]
[EventRounds "11"]
[EventCountry "CZE"]
[SourceTitle "EXT 2007"]
[Source "ChessBase"]
[SourceDate "2006.11.23"]
[SourceVersion "1"]
[SourceVersionDate "2006.11.23"]
[SourceQuality "1"]

1. c4 e5 2. Nc3 d6 3. Nf3 Bg4 4. e4 Nc6 5. Be2 Nf6 6. d3 Bxf3 7. Bxf3 Nd4 8. Be3 Qd7 9. Nd5 Nxd5 10. cxd5 Nxf3+ 11. Qxf3 Be7 12. 0-0 0-0 13. Rfc1 Bf6 14. Rc3 c5 15. dxc6 bxc6 16. Rac1 c5 17. Rc4 a5 18. a4 Rfb8 19. R1c2 Rb3 20. Bd2 Qb7 21. Bc3 Bg5 22. h3 Bh6 23. g3 Qd7 24. Kh2 g6 25. Qg4 Qe7 26. Kg2 Bg7 27. Qf3 Rbb8 28. Re2 Rf8 29. Re1 Qe6 30. Qe3 f5 31. exf5 Qxf5 32. Qe2 Qd7 33. Kg1 Qxh3 34. Qg4 Qxg4 35. Rxg4 Rf3 36. Re3 Rxe3 37. fxe3 Kf7 38. Rh4 h6 39. e4 Ke6 40. Kf2 g5 41. Rh1 d5 42. exd5+ Kxd5 43. Re1 Rf8+ 44. Kg2 g4 45. Re4 h5 46. Bxa5 Rf3 47. Bc3 Rxd3 48. Re1 Rf3 49. a5 Rf7 50. Rh1 Rf5 51. Rd1+ Kc6 52. Rd8 Rf7 53. Re8 Kd5 54. Rb8 e4 55. a6 Bxc3 56. bxc3 Ra7 57. Rb6 e3 58. Kf1 Kc4 59. Ke2 Kxc3 60. Kxe3 c4 61. Kf4 Kd4 62. Kg5 Kc5 63. Rf6 c3 64. Kxh5 c2 65. Rf1 Kd4 66. Kxg4 Rxa6 67. Rc1 Kd3 68. Kf5 Kd2 69. Rg1 Ra5+ 70. Kg6 Ra4 71. Kf5 Ra3 72. Rg2+ Kd3 73. Rg1 Rb3 74. Rc1 Kd2 75. Rxc2+ Kxc2 76. g4 Kd3 77. g5 Kd4 78. g6 Rf3+ 79. Ke6 Rg3 80. Kf6 Rxg6+ 1/2-1/2

[Event "MOR-chT2M 0203"]
[Site "Moravia"]
[Date "2002.11.17"]
[Round "3"]
[White "Matousek, Petr"]
[Black "Sojka, Ales"]
[Result "1/2-1/2"]
[WhiteElo "2122"]
[BlackElo "2044"]
[PlyCount "46"]
[EventDate "2002.10.??"]
[EventType "team"]
[EventRounds "11"]
[EventCountry "CZE"]
[SourceTitle "EXT 2006"]
[Source "ChessBase"]
[SourceDate "2005.11.24"]
[SourceVersion "1"]
[SourceVersionDate "2005.11.24"]
[SourceQuality "1"]

1. e4 c5 2. Nc3 d6 3. g3 g6 4. Bg2 Bg7 5. d3 e6 6. Be3 Ne7 7. Qd2 Nbc6 8. Bh6 Bxh6 9. Qxh6 Nd4 10. Qd2 Bd7 11. Nd1 e5 12. c3 Ne6 13. Ne3 Ng7 14. Ne2 0-0 15. 0-0 Rb8 16. f4 f5 17. Nd5 Nxd5 18. exd5 Qa5 19. Kh1 Rbe8 20. Ng1 Nh5 21. Rf2 Nf6 22. Re2 Qc7 23. Rae1 Re7 1/2-1/2